Click a Valid Country - Flag Color - Statistics

General Stats
  • This quiz has been taken 550 times
  • The average score is 9 of 18
Answers on the Map
Answers color-coded by a green-red scale on the quiz's map according to % correct below.
 
Answer Stats
Answer % Correct
blue, red, white
91%
red, white
90%
blue, white
78%
green, red, white
76%
blue, red, yellow
64%
blue, yellow
64%
red, yellow
64%
green, orange, white
56%
green, red, yellow
55%
blue, white, yellow
54%
blue, red, white, yellow
42%
black, green, red, white
38%
black, red, white, yellow
34%
blue, green, red, white, yellow
22%
green, red, white, yellow
21%
black, green, red, white, yellow
20%
blue, green, red, white
17%
black, green, red, yellow
15%
No matching quizzes found
Score Distribution
Percent of People with Each Score
Percentile by Number Answered
Your Score History
You have not taken this quiz